| 000 | 00445cam a2200169 a 4500 | ||
|---|---|---|---|
| 020 | _a0078817358 : | ||
| 040 | _cDLC | ||
| 082 | 0 | 0 | _a650 OSB 1991 A048 Or. |
| 100 | 1 | _aBiow, Lisa. | |
| 245 | 1 | 0 | _aQuattro pro 3 made easy / |
| 260 |
_aBerkeley : _bOsborne McGraw-Hill, _cc1991. |
||
| 300 |
_axxii, 584 p. : _bill. (some col.) ; _c24 cm. |
||
| 500 | _aIncludes index. | ||
| 650 | 0 | _aBusiness | |
| 650 | 0 | _aElectronic spreadsheets. | |
| 942 | _cEK | ||
| 999 |
_c14314 _d14314 |
||